Inspection on tapping technology for salary preparetion in memot company ការត្រួតពិនិត្យបច្ចេកទេសចៀរជ័រសំរាប់រៀបចំបៀវត្សតាមមូលដ្ឋានអាជីវកម្មនៅក្រុមហ៊ុនចំការកៅស៊ូមេមត់ (Record no. 309)

000 -LEADER
fixed length control field 00710nam a22001577a 4500
003 - CONTROL NUMBER IDENTIFIER
control field OSt
005 - DATE AND TIME OF LATEST TRANSACTION
control field 20150912141938.0
008 - FIXED-LENGTH DATA ELEMENTS--GENERAL INFORMATION
fixed length control field 150912b xxu||||| |||| 00| 0 eng d
040 ## - CATALOGING SOURCE
Transcribing agency RUA
082 ## - DEWEY DECIMAL CLASSIFICATION NUMBER
Classification number AGR PHA 1997 B018 Or.1
100 ## - MAIN ENTRY--PERSONAL NAME
9 (RLIN) 329
Personal name PHANG, TOEUR
245 ## - TITLE STATEMENT
Title Inspection on tapping technology for salary preparetion in memot company ការត្រួតពិនិត្យបច្ចេកទេសចៀរជ័រសំរាប់រៀបចំបៀវត្សតាមមូលដ្ឋានអាជីវកម្មនៅក្រុមហ៊ុនចំការកៅស៊ូមេមត់
260 ## - PUBLICATION, DISTRIBUTION, ETC. (IMPRINT)
Place of publication, distribution, etc. Phnom Penh
Name of publisher, distributor, etc. RUA
Date of publication, distribution, etc. 1997
300 ## - PHYSICAL DESCRIPTION
Extent 93p.
Other physical details ill.
Dimensions 29cm.
942 ## - ADDED ENTRY ELEMENTS (KOHA)
Source of classification or shelving scheme
Koha item type AGR
Holdings
Price effective from Date last seen Permanent Location Not for loan Date acquired Source of classification or shelving scheme Koha item type Barcode Lost status Damaged status Shelving location Withdrawn status Current Location Full call number
2015-09-122015-09-12Library Block B 2015-09-12 AGRRUA003652  B018 Library Block BAGR PHA 1997 B018 Or.1
2015-09-122015-09-12Library Block B 2015-09-12 AGRRUA003796  B018 Library Block BAGR PHA 1997 B018 Or.2
2015-09-122015-09-12Library Block B 2015-09-12 AGRRUA003578  B018 Library Block BAGR PHA 1997 B018 Or.3
2015-09-122015-09-12Library Block B 2015-09-12 AGRRUA003722  B018 Library Block BAGR PHA 1997 B018 Or.4
2015-09-122015-09-12Library Block B 2015-09-12 AGRRUA003794  B018 Library Block BAGR PHA 1997 B018 Or.5
2015-09-122015-09-12Library Block B 2015-09-12 AGRRUA003577  B018 Library Block BAGR PHA 1997 B018 Or.6
2015-09-122015-09-12Library Block B 2015-09-12 AGRRUA003649  B018 Library Block BAGR PHA 1997 B018 Or.7
មជ្ឈមណ្ឌលឯការនៃសាកលវិទ្យាល័យភូមិន្ទកសិកម្មចំការដូង

Powered by Koha